Measurement of thickness of chromium on currency printing plates : technical report - January 1 to June 30, 1970 /

Bibliographic Details
Main Author: Ogburn, Fielding
Corporate Author: United States. National Bureau of Standards
Format: Government Document Book
Language:English
Published: Gaithersburg, MD : U.S. Dept. of Commerce, National Institute of Standards and Technology, 1970.
Series:NBS report ; 10270.
Subjects:
Online Access:https://purl.fdlp.gov/GPO/gpo101406

MARC

Tag First Indicator Second Indicator Subfields
LEADER 00000cam a2200000Ia 4500
001 in00004062721
005 20211120102313.0
008 160829s1970 mdu ob f000 0 eng d
024 8 |a GOVPUB-C13-a43504cbe8279b204a025981c70f4349 
035 |a (OCoLC)ocn957470488 
040 |a NBS  |b eng  |e rda  |c NBS  |d OCLCO  |d OCLCQ  |d MvI 
049 |a WWW 
074 |a 9999 (online) 
086 0 |a C 13.38:10270 
100 1 |a Ogburn, Fielding. 
245 1 0 |a Measurement of thickness of chromium on currency printing plates :  |b technical report - January 1 to June 30, 1970 /  |c Fielding Ogburn. 
264 1 |a Gaithersburg, MD :  |b U.S. Dept. of Commerce, National Institute of Standards and Technology,  |c 1970. 
300 |a 1 online resource. 
336 |a text  |b txt  |2 rdacontent 
337 |a computer  |b c  |2 rdamedia 
338 |a online resource  |b cr  |2 rdacarrier 
490 1 |a NBS report ;  |v 10270 
500 |a 1970. 
500 |a Contributed record: Metadata reviewed, not verified. Some fields updated by batch processes. 
500 |a Title from PDF title page. 
504 |a Includes bibliographical references. 
650 0 |a Chromium-plating  |x Testing. 
650 0 |a Printing plates  |x Testing. 
700 1 |a Ogburn, Fielding. 
710 1 |a United States.  |b National Bureau of Standards. 
830 0 |a NBS report ;  |v 10270. 
856 4 0 |u https://purl.fdlp.gov/GPO/gpo101406  |t 0 
999 f f |s bf312efe-5377-3913-a948-666304095d37  |i 6949018c-3fb8-371d-bde8-dcd012e6f8f4  |t 0 
952 f f |a Texas A&M University  |b College Station  |c Electronic Resources  |d Available Online  |t 0  |e C 13.38:10270  |h Superintendent of Documents classification 
998 f f |a C 13.38:10270  |t 0  |l Available Online